| 000 | 01089nam a22002297a 4500 | ||
|---|---|---|---|
| 007 | ta | ||
| 008 | 230925b ||||| |||| 00| 0 spa d | ||
| 040 | _cAR-FvUNAJ | ||
| 082 | 1 | 4 |
_214a. ed. _a323.4 |
| 110 | 2 |
_94900 _aCentro de Estudios Legales y Sociales. |
|
| 245 | 1 | 0 |
_aGuía de trabajo para la toma de testimonios a víctimas sobrevivientes de torturas : _bproyecto persecución penal doméstica y juzgamiento de la tortura en la Argentina / _cCentro de Estudios Legales y Sociales |
| 260 |
_aBuenos Aires: _bCELS, _c2012. |
||
| 300 | _a15 p. | ||
| 500 | _aEste documento fue elaborado por el CELS en conjunto con víctimas del terrorismo de Estado para orientar a los operadores judiciales que tienen a su cargo la toma de testimonio de personas que han padecido el delito de tortura. | ||
| 650 | 2 | 7 |
_2unescot _97953 _aDOCUMENTACION |
| 650 | 1 | 7 |
_2unescot _91105 _aDERECHOS HUMANOS |
| 650 | 2 | 7 |
_2unescot _9559 _aDICTADURA |
| 650 | 2 | 7 |
_2unescot _9943 _aHISTORIA POLITICA |
| 651 | 7 |
_2unescot _9326 _aARGENTINA |
|
| 942 |
_2ddc _cLIBRO |
||
| 980 |
_621570 _a Diaz Bustince _821570 _g Diaz Bustince |
||
| 999 |
_c9390 _d9390 |
||